000 00630nam a2200181 i 4500
001 35600
003 ES-MaACL
005 20230906155148.0
007 t|
008 030213s1913 gw ||||1| ger d
100 1 _aBosch Gimpera, Pedro.
_930657
245 1 0 _aZur Frage der iberischen Keramit /
_cPedro Bosch Gimpera.
260 _a[Stuttgart :
_bKohlhammer,
_c1913]
300 _aP. 166-181, [5 h. de lám.] ;
_c26 cm.
500 _aEs separata de: Memnon Zeitschrift für die Kunst und Kultur-Geschichte des Atlens Drients Banda VII., 1913- Heft 3.
650 4 _aCerámica ibérica.
_9150998
852 _aES-MaACL
_jT-1400-F-1
999 _c35600
_d35600